Octavio Paz.
Guardado en:
| Formato: | |
|---|---|
| Materias: | |
| Etiquetas: |
Agregar Etiqueta
Sin Etiquetas, Sea el primero en etiquetar este registro!
|
| LEADER | 00861ngm a22002295g 4500 | ||
|---|---|---|---|
| 001 | CEM.cems022899 | ||
| 008 | 130507b2009##################0###0#####d | ||
| 005 | 20241126145559.0 | ||
| 245 | 0 | 0 | |a Octavio Paz. |
| 300 | |a 24'. | ||
| 500 | |a En soporte VHS, consultar en ventanilla. | ||
| 505 | 0 | |a Octavio Paz: infancia y juventud. Sus primeros textos. La crítica poética. Influencias. Reconocimiento internacional. El ensayo y la poesía. Sus principales obras. El premio Nobel. Sus últimos años. | |
| 538 | |a Soporte: VHS - Norma: Pal N - Color: Si - Grabación DRD 2009 - Hitachi=0000 | ||
| 082 | A | 8 | |0 /ENC |
| 653 | |a LITERATURA | ||
| 653 | |a POESIA | ||
| 653 | |a OCTAVIO PAZ | ||
| 653 | |a PAZ, OCTAVIO | ||
| 653 | |a ENSAYO | ||
| 653 | |a NIVEL PRIMARIO | ||
| 653 | |a NIVEL SECUNDARIO | ||
| 859 | |a CEMS |b BIB. CEMS - Depto. Recursos Didacticos |h 860 |i ENC |k DRD |p 1542.12 |t Ej.1 | ||
